| 000 | 01953nam0a22004211 4500 | ||
|---|---|---|---|
| 001 | rc\3011632 | ||
| 005 | 20260407071035.0 | ||
| 035 | _a(NLR Aleph) 007154135 | ||
| 090 |
_a7182138 _c7182138 |
||
| 100 | _a20110923d1945 u y0rusy50 ca | ||
| 101 | 0 | _arus | |
| 102 | _aRU | ||
| 105 | _ay z ||||| | ||
| 200 | 1 |
_aБеларусь _eСтихи _fПетрусь Бровка |
|
| 210 |
_aМосква _cСовет. писатель _d1945 _gтип. "Кр. печатник" |
||
| 215 |
_a56 с. _d16 см |
||
| 327 | 1 | _aСодерж.: Кастусь Калиновский; Могила бойца; Минск; Надя Надейка; Землякам; Как только бой затих ...; Три брата; Чую, выша мати; Рана; Встреча; Беларусь; Ясный Кут | |
| 464 | 0 |
_12001#$aКастусь Калиновский _tКастусь Калиновский |
|
| 464 | 0 |
_12001#$aМогила бойца _tМогила бойца |
|
| 464 | 0 |
_12001#$aМинск _tМинск |
|
| 464 | 0 |
_12001#$aНадя Надейка _tНадя Надейка |
|
| 464 | 0 |
_12001#$aЗемлякам _tЗемлякам |
|
| 464 | 0 |
_12001#$aКак только бой затих ... _tКак только бой затих ... |
|
| 464 | 0 |
_12001#$aТри брата _tТри брата |
|
| 464 | 0 |
_12001#$aЧую, выша мати _tЧую, выша мати |
|
| 464 | 0 |
_12001#$aРана _tРана |
|
| 464 | 0 |
_12001#$aВстреча _tВстреча |
|
| 464 | 0 |
_12001#$aБеларусь _tБеларусь |
|
| 464 | 0 |
_12001#$aЯсный Кут _tЯсный Кут |
|
| 700 | 1 |
_7ca _8rus _aБровка _bП. _f1905-1980 _gПетрусь _3RU\NLR\AUTH\770243169 _9243113 |
|
| 801 | 0 |
_aRU _bNLR _gpsbo |
|
| 801 | 1 |
_aRU _bELAR _2rusmarc |
|
| 852 |
_aNLR _bЛ _j40 Г-2/259 |
||
| 942 | _cBOOK | ||
| 945 | _aРоссийская национальная библиотека | ||
| 980 | _aNB | ||
| 980 | _aBV | ||